| 000 | 00728nam a2200205 a 4500 | ||
|---|---|---|---|
| 005 | 20240702063802.0 | ||
| 008 | 991125c19912000mad 000 0 spa u | ||
| 020 | _a8471123657 | ||
| 035 | _aUPN01000040635 | ||
| 049 | _aCG | ||
| 050 | 4 |
_aMT1 _bS9.58 |
|
| 100 | 1 | _aSwanwick, Keith | |
| 245 | 1 | 0 |
_aMúsica, pensamiento y educación / _cpor Keith Swanwick ; pról. por Montserrat Sanuy ; tr. por Manuel Olasagasti. |
| 260 |
_aMadrid : _bMinisterio de Educación y Ciencia : _bMorata, _c1991 (2000 impr.). |
||
| 300 | _axii, 191 p. | ||
| 440 | 0 |
_aPedagogía. _pEducación infantil y primaria ; _v24 |
|
| 500 | _aReimpresión: Ministerio de Educación y Cultura | ||
| 650 | 4 |
_aMúsica _xEstudio y enseñanza _9174 |
|
| 905 | _aLibro | ||
| 999 |
_c40635 _d40635 |
||